000 00470nam a2200145Ia 4500
008 100122s9999 xx 000 0 und d
082 _b59988
_a396
100 _aगोऱ्हे नीलम
245 _aनव्या शतकासाठी
260 _bस्त्री आधार केंद्र
_c2001
300 _a157
630 _aनव्या शतकासाठी
730 _aनव्या शतकासाठी
942 _cBOOK
999 _c435269
_d435266